书目信息 |
| 题名: |
建筑与景观的设计表达
|
|
| 作者: | 吕琦 著 | |
| 分册: | ||
| 出版信息: | 北京 中国计划出版社 2005.07 |
|
| 页数: | 123页 | |
| 开本: | 28cm | |
| 丛书名: | ||
| 单 册: | ||
| 中图分类: | TU204 | |
| 科图分类: | ||
| 主题词: | 建筑艺术--jian zhu yi shu--绘画--技法 , 建筑艺术--jian zhu yi shu--绘画--中国--现代 | |
| 电子资源: | ||
| ISBN: | 7-80177-463-9 | |
| 000 | 01185nam0 2200277 450 | |
| 001 | 012006825699 | |
| 005 | 20060522101315.43 | |
| 010 | @a7-80177-463-9@dCNY58.00 | |
| 100 | @a20060502d2005 km y0chiy0120 ea | |
| 101 | 0 | @achi |
| 102 | @aCN@b110000 | |
| 105 | @aa z 000yy | |
| 200 | 1 | @a建筑与景观的设计表达@Ajian zhu yu jing guan de she ji biao da@e麦克笔手绘技法与实例@f吕琦著@Flu qi zhu |
| 210 | @a北京@c中国计划出版社@d2005.07 | |
| 215 | @a123页@c图 (部分彩图)@d28cm | |
| 312 | @a并列英文题名取自封面。 | |
| 330 | @a本书着重介绍了使用麦克笔和彩色铅笔等工具快速手绘建筑景观设计效果图的技法和实例。全书由绘图工具、透视学要点、各种材料的质感表现、麦克笔表现图着色步骤和设计表现实例等五大部分组成。书中所采用的图片,全部取自著者在多年的设计实践中所积累的原创图稿。 | |
| 333 | @a建筑师,景观设计师及从业人员,大专院校相关专业师生 | |
| 510 | 1 | @aMarker design and express@zeng |
| 517 | 1 | @a麦克笔手绘技法与实例@Amai ke bi shou hui ji fa yu shi li |
| 606 | 0 | @a建筑艺术@Ajian zhu yi shu@x绘画@x技法 |
| 606 | 0 | @a建筑艺术@Ajian zhu yi shu@x绘画@y中国@z现代 |
| 690 | @aTU204@v4 | |
| 701 | 0 | @a吕琦@Alu qi@4著 |
| 801 | 0 | @aCN@bQSSK@c20060522 |
| 905 | @a10447@dTU204@eL894 | |
| 建筑与景观的设计表达:麦克笔手绘技法与实例/吕琦著.-北京:中国计划出版社,2005.07 |
| 123页:图 (部分彩图);28cm |
| 使用对象:建筑师,景观设计师及从业人员,大专院校相关专业师生 |
| ISBN 7-80177-463-9:CNY58.00 |
| 本书着重介绍了使用麦克笔和彩色铅笔等工具快速手绘建筑景观设计效果图的技法和实例。全书由绘图工具、透视学要点、各种材料的质感表现、麦克笔表现图着色步骤和设计表现实例等五大部分组成。书中所采用的图片,全部取自著者在多年的设计实践中所积累的原创图稿。 |
| ● |
| 相关链接 |
|
|
|
正题名:建筑与景观的设计表达
索取号:TU204/L894
 
预约/预借
| 序号 | 登录号 | 条形码 | 馆藏地/架位号 | 状态 | 备注 |
| 1 | 559616 | 205596167 | 建筑库101/101建筑库 108排6列5层/ [索取号:TU204/L894] | 在馆 | |
| 2 | 559617 | 205596176 | 建筑库101/ [索取号:TU204/L894] | 在馆 | |
| 3 | 559618 | 205596185 | 建筑库101/101建筑库 108排6列5层/ [索取号:TU204/L894] | 在馆 |